000 00267nam a2200109Ia 4500
008 220204s9999 xx 000 0 und d
082 _a82-3
_bDUM
100 _aDumas, Alexandre
245 4 _aThe Man in the iron mask
260 _aNew York
_bAirmont
_c1967
942 _cBK
999 _c38257
_d38257